Red Velvet by Teaser Image - Statistics

General Stats
  • This quiz has been taken 21 times
  • The average score is 10 of 26
Answer Stats
Picture Answer % Correct
Ice Cream Cake
95%
Cosmic
55%
Summer Magic
55%
2022 Winter SMTOWN : SMCU PALACE Beautiful Christmas
45%
Chill Kill
45%
#CookieJar
45%
Happiness
45%
Queendom
45%
Sappy
45%
The Red
45%
Automatic
40%
Perfect Velvet
40%
The ReVe Festival 2022 - Birthday
40%
The ReVe Festival 2022 - Feel My Rhythm
40%
The ReVe Festival: Day 1
40%
The ReVe Festival Finale
40%
Be Natural
35%
The Red Summer
35%
Summer Magic: Power Up
30%
Bloom
25%
RBB (Really Bad Boy)
25%
Our Beloved BoA #4 Milky Way
20%
The Perfect Red Velvet
20%
The Velvet
20%
Happiness : My Dear, ReVe1uv
10%
2022 Winter SMTOWN : SMCU PALACE
5%
No matching quizzes found
Score Distribution
Percent of People with Each Score
Percentile by Number Answered
Your Score History
You have not taken this quiz